01600nam a2200397 i 450000100060000000300080000600500170001400600190003100700150005000800410006502000270010603500230013303500240015603500220018004000310020205000220023308000070025508200170026210000370027924501490031626400530046530000400051833600310055833700330058933800430062258801290066559001640079465000250095865000170098365000280100065500270102870000490105579700190110485600620112399900170118526309FlNmELB20241216215906.0m o d | cr cnu||||||||180927s2017 mx o 000 0 spa d a9786079460594 (e-book) a(MiAaPQ)EBC5486085 a(Au-PeEL)EBL5486085 a(OCoLC)1105876955 aFINmELBbspaerdacFINmELB 4aLB1060bZ393 2017 a370 a370.15232231 aZavala Ojeda, María Alejandra.10aEstrategias de enseñanza para la promoción de aprendizajes significativos /cMa. Alejandra Zavala Ojeda, Ana Cristina Zubillaga Rodríguez. 1aMéxico, D.F. :bEditorial Digital UNID,c2017. a1 recurso en línea (22 páginas) atextobtxt2rdacontent/spa acomputadorabc2rdamedia/spa arecurso en líneabcr2rdacarrier/spa aDescripción basada en recurso en línea; Título de la página del título en PDF (e-libro, visto September 27, 2018). aRecurso electrónico. Santa Fe, Arg.: e-libro, 2018. Disponible vía World Wide Web. El acceso puede estar limitado para las bibliotecas afiliadas a e-libro. 0aLearning strategies. 4aAprendizaje. 4aEstrategias educativas. 4aLibros electrónicos.1 aZubillaga Rodríguez, Ana Cristina,eautor.2 ae-libro, Corp.40uhttps://elibro.net/ereader/politecnicointernacional/41169 c26309d26309